Compensatory Time Off for Travel by Department of Justice attorneys : report (to accompany H.R. 4057) (including cost estimate of the Congressional Budget Office).

Bibliographic Details
Corporate Author: United States. Congress. House. Committee on Government Reform
Format: Government Document Book
Language:English
Published: [Washington, D.C.] : [U.S. G.P.O.], [2006]
Series:Report / 109th Congress, 2d session, House of Representatives ; 109-390
Subjects:
Online Access:Text version:
PDF version:

MARC

Tag First Indicator Second Indicator Subfields
LEADER 00000cam a2200000 a 4500
001 in00002121321
005 20220106094059.0
008 060417s2006 dcu f000 0 eng c
035 |a (OCoLC)ocm67226697 
040 |a GPO  |c GPO  |d MvI  |d UtOrBLW 
042 |a pcc 
043 |a n-us--- 
049 |a UDOC 
049 |a WWW 
050 1 4 |a KF32  |b .G6 2006 
074 |a 1008-C 
074 |a 1008-C (online) 
074 |a 1008-D (MF) 
074 |a 1008-D (online) 
086 0 |a Y 1.1/8:109-390 
110 1 |a United States.  |b Congress.  |b House.  |b Committee on Government Reform. 
245 1 0 |a Compensatory Time Off for Travel by Department of Justice attorneys :  |b report (to accompany H.R. 4057) (including cost estimate of the Congressional Budget Office). 
264 1 |a [Washington, D.C.] :  |b [U.S. G.P.O.],  |c [2006] 
300 |a 4 pages ;  |c 24 cm. 
336 |a text  |b txt  |2 rdacontent 
337 |a unmediated  |b n  |2 rdamedia 
338 |a volume  |b nc  |2 rdacarrier 
490 1 |a Report / 109th Congress, 2d session, House of Representatives ;  |v 109-390 
500 |a Caption title. 
500 |a Distributed to some depository libraries in microfiche. 
500 |a Shipping list number: 2006-0165-P. 
500 |a "March 14, 2006." 
500 |a Shipping List Date: 04/11/2006 
530 |a Also available via Internet from the GPO Access web site. Addresses as of 4/20/06: http://frwebgate.access.gpo.gov/cgi-bin/getdoc.cgi?dbname=109%5Fcong%5Freports&docid=f:hr390.109 (text version), http://frwebgate.access.gpo.gov/cgi-bin/getdoc.cgi?dbname=109_cong_reports&docid=f:hr390.pdf (PDF version); current access available via PURLs. 
610 1 0 |a United States.  |b Department of Justice  |x Officials and employees  |x Leave regulations. 
610 1 0 |a United States.  |b Department of Justice  |x Officials and employees  |x Salaries, etc. 
810 1 |a United States.  |b Congress.  |b House.  |t Report ;  |v 109-390. 
856 4 1 |3 Text version:  |u https://purl.fdlp.gov/GPO/LPS69028  |t 0 
856 4 1 |3 PDF version:  |u https://purl.fdlp.gov/GPO/LPS69029  |t 0 
999 |a MARS 
999 f f |s 063c81c9-3b0d-36ab-b3b3-efa951542183  |i a3fff3f7-8d3b-397f-bdc3-b8df0e6d0a74  |t 0 
952 f f |a Texas A&M University  |b College Station  |c Electronic Resources  |d Available Online  |t 0  |e Y 1.1/8:109-390  |h Superintendent of Documents classification 
998 f f |a Y 1.1/8:109-390  |t 0  |l Available Online